Central Library OPAC University of Rajshahi

The elements of coordinate geometry / (Record no. 51458)

MARC details
000 -LEADER
fixed length control field 00591nam a2200205 a 4500
001 - CONTROL NUMBER
control field 51458
003 - CONTROL NUMBER IDENTIFIER
rucl marc code BD-RjUL
005 - DATE AND TIME OF LATEST TRANSACTION
control field 20211209075650.0
008 - FIXED-LENGTH DATA ELEMENTS--GENERAL INFORMATION
fixed length control field 160831b1965 enk||||| |||| 00| 0 eng d
035 ## - SYSTEM CONTROL NUMBER
System control number (BD-RjUL)51578
040 ## - CATALOGING SOURCE
Original cataloging agency BD-RjUL
Language of cataloging eng
Transcribing agency BD-RjUL
Modifying agency BD-RjUL
041 ## - LANGUAGE CODE
Language code of text/sound track or separate title eng
082 ## - DEWEY DECIMAL CLASSIFICATION NUMBER
Edition number 23
Classification number 516.16
Author mark and year LOE 1965
100 ## - MAIN ENTRY--PERSONAL NAME
Personal name Loney, S. L.
9 (RLIN) 138789
245 10 - TITLE STATEMENT
Title The elements of coordinate geometry /
Statement of responsibility, etc. S. L. Loney,
260 ## - PUBLICATION, DISTRIBUTION, ETC. (IMPRINT)
Place of publication, distribution, etc. London :
Name of publisher, distributor, etc. Macmillan & co. Ltd.,
Date of publication, distribution, etc. 1965
300 ## - PHYSICAL DESCRIPTION
Pagination Various p. :
Illustrations ill. ;
Size 18 cm.
650 ## - SUBJECT ADDED ENTRY--TOPICAL TERM
Topical term or geographic name as entry element Coordinates System Geometry
9 (RLIN) 152060
942 ## - ADDED ENTRY ELEMENTS (KOHA)
Source of classification or shelving scheme Dewey Decimal Classification
Koha item type Books
Holdings
Lost status Source of classification or shelving scheme Damaged status Not for loan Collection code Permanent Location Current Location Shelving location Date acquired Source of acquisition Cost, normal purchase price Total Checkouts Full call number Date last seen Copy number Koha item type
  Dewey Decimal Classification     Non-fiction Central Library, University of Rajshahi Central Library, University of Rajshahi   29/06/1974 Alighor library, Rajshahi. 30.00   516.16 LOE 1965 31/08/2016 C-2 Books
  Dewey Decimal Classification     Non-fiction Central Library, University of Rajshahi Central Library, University of Rajshahi   29/06/1974 Aligarh library 32.00   516.16 LOE 1965 10/11/2016 C-3 Books
  Dewey Decimal Classification   Not For Loan Non-fiction Central Library, University of Rajshahi Central Library, University of Rajshahi Reading Room 11/06/1955 Abacus 11.40   516.16 LOE 1952 19/04/2017 C-1 Books